Contabilidad de costos : un enfoque administrativo /

Contenido: 1) Introducción a la contabilidad administrativa; 2) El uso de la información de costos para el costeo de productos; 3) El uso de la información de costos para la planeación y el control; 4) El uso de la información de costos para decisiones administrativas especiales; 5) Conceptos de la...

Descripció completa

Guardat en:
Dades bibliogràfiques
Autor principal: Rossell, James H. (autor)
Altres autors: Frasure, William W. (autor) (autor)
Format: Llibre
Idioma:espanyol
Publicat: México : Interamericana, 1984, c1984
Matèries:
Etiquetes: Afegir etiqueta
Sense etiquetes, Sigues el primer a etiquetar aquest registre!

MARC

LEADER 00000nam^a2200000^a^4500
001 000318887
005 20250521000000.0
009 20260310113425.896
020 |a 968-25-0766-9 
037 |a Acervo ITESO - Biblioteca 
041 |a ESP 
082 |a 657. 42  |b ROS 
100 |a Rossell, James H.  |e (autor) 
245 1 0 |a Contabilidad de costos :  |b un enfoque administrativo /  |c J.H. Rossell, W.W. Frasure ; tr. por Julio Coro Pando. 
264 4 |a México :  |b Interamericana,  |c 1984, c1984 
300 |a XIV, 474 p. 
336 |a texto  |b txt  |2 rdacontenido 
337 |a sin mediación  |b n  |2 rdamedio 
338 |a volumen  |b nc  |2 rdasoporte 
500 |a Traducción de: Managerial Accounting An Introduction 
520 |a Contenido: 1) Introducción a la contabilidad administrativa; 2) El uso de la información de costos para el costeo de productos; 3) El uso de la información de costos para la planeación y el control; 4) El uso de la información de costos para decisiones administrativas especiales; 5) Conceptos de la contabilidad financiera; 6) Apéndices. 
590 |a Traducción de la 3a edición en inglés 
649 |a XX 
650 |a Toma de Decisiones 
650 |a Presupuesto 
650 |a Contabilidad de Costos -  |x Tema Principal 
650 |a Contabilidad Financiera 
650 |a Contabilidad 
650 |a Administración Financiera 
650 |a Ciencias Administrativas 
700 |a Frasure, William W.  |e (autor) 
910 |a Fondo General 
920 |a Impresos - Libros 
930 |a Colección General 
905 |a 101 
901 |a 0500205886  |b IT1  |c ACC  |i D57647  |u 20250521 
902 |a https://opac.biblio.iteso.mx/vufind/Record/000318887